So Payaso - Extremoduro - Estadísticas

Estadísticas generales
  • Esta prueba ha sido intentada 150 veces
  • La puntuación promedio es 245 de 280
Estadísticas de respuestas
% Correcto
la
100%
La
100%
A
99%
a
99%
me
99%
Me
99%
payaso
99%
So
99%
Final (So
99%
que
98%
qué
98%
Que
98%
de
96%
dice
96%
ver
95%
lado
94%
después
93%
cretino
91%
estoy
91%
los
91%
su
91%
pies
90%
descolorí'o
89%
y
88%
tiemblan
84%
tu
83%
Tu
83%
empiezo
81%
Empiezo
81%
besar
80%
sin
77%
| Verso Puede
72%
72%
voz
72%
desconocí'o
69%
no
68%
más
67%
perro
65%
pensar
64%
pensar)
64%
Quiero
64%
rechistar
63%
verás
63%
deje
62%
llevar
62%
fiel
60%
levante
60%
ser
60%
esclavo
59%
ni
59%
cartón
57%
Dios
57%
hoy
57%
pero
57%
hasta
56%
levanta
56%
arranque
53%
Ayer
52%
casas
52%
Hago
52%
luego
52%
bebí
49%
desato
49%
ya
49%
peor
44%
cómo
43%
Verso Acércate
42%
hacerlo
42%
Despacito
40%
jurar,
37%
mal
33%
muy
31%
No se encontraron pruebas coincidentes
Distribución de puntuación
Porcentaje de gente con cada puntuación
Porcentaje por número respondido
Historial de tus puntuaciones
No has intentado esta prueba.